000 00583nam a2200181Ia 4500
008 151202s9999||||xx |||||||||||||| ||und||
082 _bPNVM-80731
100 _aखांबेटे दं.पा.
245 _aबायकांचं गुपित.
260 _bअंतरकर आनंद.
260 _c2007
300 _a212
600 _aखांबेटे दं.पा.
630 _aबायकांचं गुपित.
700 _aखांबेटे दं.पा.
730 _aबायकांचं गुपित.
942 _cBOOK
999 _c1345339
_d1345336